000 00731nam a22002177a 4500
003 IT-MiCISF
005 20200630152505.0
008 200630b ||||| |||| 00| 0 eng d
040 _cIT-MiCISF
041 _aIT
100 _aDe Carli Sara (et al.)
_957785
210 _aVita
245 _aAdozioni, facciamole ripartire
300 _app. 25-71
362 _an. 7-8
500 _aadozione, società, servizi, situazione-demografica, associazioni, esperienze
650 _aadozione-affido
_956263
654 _adossier
700 _aRiva M.
_aPrestani P.
_aGriffini M.
_aPregliasco F.
_aVanoni A.
_aSpena A.
_aSantona A.
_aSanterini M.
_aChistolini M.
_aFazzini G.
_aDe Luca M.N.
_aAlbano F.
_aLaera L.
_958219
942 _2ddc
_cDD
999 _c358686
_d358686